Movies Quiz

Random Movies or Actress Quiz

Demi Moore Movies Quiz Stats

 Plays Quiz Updated Jan 1, 2021

     
Support Sporcle.
Go Orange.
Score 0/45 Timer 10:00
0 Plays Today
Year Movie Title % Correct
1997G.I. Jane
82.7%
1992A Few Good Men
77.9%
1990Ghost
74.6%
1996Striptease
69.5%
1995The Scarlet Letter
59.6%
1985St. Elmo's Fire
59.4%
1996The Hunchback of Notre Dame
54%
1993Indecent Proposal
52.5%
2003Charlie's Angels: Full Throttle
51%
1994Disclosure
41.1%
1986About Last Night
36.2%
1996The Juror
21.9%
1986One Crazy Summer
20.4%
1984Blame It on Rio
19.3%
2007Mr. Brooks
18.8%
1995Now and Then
17.2%
1988The Seventh Sign
16.8%
1991The Butcher's Wife
16.8%
2017Rough Night
16%
1996Beavis and Butt-Head Do America
15.2%
2012LOL
14.9%
2016Blind
14.9%
1991Mortal Thoughts
14.1%
Year Movie Title % Correct
1991Nothing But Trouble
13.6%
2016Wild Oats
13%
2009The Joneses
12.4%
2015Forsaken
12.4%
2006Bobby
12.2%
2011Margin Call
12.2%
1997Deconstructing Harry
11.5%
1989We're No Angels
10.7%
1986Wisdom
10.4%
2019Corporate Animals
9.9%
2007Flawless
9.7%
1982Parasite
9.6%
1984No Small Affair
8.9%
2018Love Sonia
8.7%
2006Half Light
8.6%
2000Passion Of Mind
8.4%
1982Young Doctors in Love
8%
1981Choices
7.9%
2009Happy Tears
7.8%
2011Another Happy Day
7.7%
2013Very Good Girls
7.6%
2010Bunraku
7.4%

From the Vault

Canada - True or False?

by MrChewypoo

Canada Day? We have a quiz for that!
Remove Ads.
Support Sporcle.
Get the best of Sporcle when you Go Orange. This ad-free experience offers more features, more stats, and more fun while also helping to support Sporcle. Thank you for becoming a member.

Show Comments

Extras

Top Quizzes Today


Score Distribution

Your Account Isn't Verified!

In order to create a playlist on Sporcle, you need to verify the email address you used during registration. Go to your Sporcle Settings to finish the process.

Report this User

Report this user for behavior that violates our Community Guidelines.

Details: